| 000 | 00664cam a22002177a 4500 | ||
|---|---|---|---|
| 003 | MX-MxUPN | ||
| 005 | 20240808063708.0 | ||
| 008 | 240426b |||||||| |||| 00| 0 spa d | ||
| 020 | _a9688403466 | ||
| 040 |
_aMX-MxUPN _bspa |
||
| 041 | 0 | _aspa | |
| 050 | 4 |
_aPQ8550.22 A52 _bB35 1988 |
|
| 100 | 1 |
_aLanda, Josu, _d1953- _940969 |
|
| 245 | 1 | 0 | _aBajos fondos |
| 260 |
_aMéxico, D.F. : _bUniversidad Autónoma Metropolitana, Unidad Iztapalapa , _c1988 |
||
| 300 | _a60 paginas | ||
| 490 | 0 |
_aColección correo menor. Poesía ; _v10 |
|
| 650 | 4 |
_aPoesía venezolana _925779 |
|
| 902 |
_aDaniela Badillo 26-04-24 _bVíctorGodínez/060824 |
||
| 942 |
_2lcc _cFOLL |
||
| 999 |
_c211184 _d211184 |
||